000 00464nam a2200193Ia 4500
001 55440
008 140505s9999 xx 000 0 und d
020 _a047116240X
040 _cPK-LaUMT
082 _a 519.52
_bCOC-S
100 _aCochran, William G.
245 _aSampling techniques
_cCochran, William G.
250 _a3rd
260 _aNew York,USA:
_bJohn Wiley & Sons,
_c1977
300 _a428 p.
546 _aEN
650 _aSampling
942 _cBK
999 _c52783
_d52783